Vedenie porád

Porady a schôdze sú užitočným nástrojom komunikácie medzi nadriadenými a zamestnancami. Príprava porady. Pravidlá pre efektívne vedenie porád.

Salvato in:
Dettagli Bibliografici
Autore principale: Olexová, Cecília, 1976-
Natura: Capitolo di libro
Lingua:slovacco
Soggetti:
Tags: Aggiungi Tag
Nessun Tag, puoi essere il primo ad aggiungerne!!

MARC

LEADER 00000naa a2200000 4500
001 0201739
005 20240502073411.0
041 0 |a slo 
044 |a SK 
245 1 0 |a Vedenie porád  |c Cecília Olexová 
520 |a Porady a schôdze sú užitočným nástrojom komunikácie medzi nadriadenými a zamestnancami. Príprava porady. Pravidlá pre efektívne vedenie porád. 
610 2 0 |a porady pracovné 
610 2 0 |a vedenie 
610 2 0 |a efektívnosť 
100 1 |a Olexová, Cecília, 1976-